000 00638nam a2200205Ii 4500
003 JO-AjNU
008 230606s9999||||xx |||||||||||||| ||und||
020 _a978-81-203-4684-0
040 _aJO-AjNU
_beng
_erda
_cJO-AjNU
041 _aeng
050 1 4 _aHA74.M3.I57.2013
100 3 _aIntriligator, Michael D,
_eauthor
_93809
245 0 0 _aMathematical Optimization and Economic Theory
264 3 1 _aNew Delhi:Prentice Hall of India Private Limited,2013
300 _a508p
336 _atext
_btxt
_2rdacontent
337 _aunmediated
_bn
_2rdamedia
338 _avolume
_bnc
_2rdacarrier
650 4 _aMathematical optimization
_93810
999 _aE1987
_c1987
_d1987